| 000 | 01626nam a2200445 i 4500 | ||
|---|---|---|---|
| 001 | 46373 | ||
| 003 | KOSZ 005 | ||
| 005 | 20210629100846.0 | ||
| 008 | 051010s2005 pl f |000 0 pol d | ||
| 040 |
_cKOSZ 005 _aKOSZ 005 _dKOSZ 005/HR |
||
| 041 | 0 | _apol | |
| 046 | _k2005 | ||
| 080 | _a528.425 | ||
| 080 | _a528.932 | ||
| 080 | _a004.62 | ||
| 080 | _a004.932 | ||
| 100 | 1 |
_aKe, Luong Chinh _eAutor |
|
| 245 | 1 | 0 |
_aPodstawy teoretyczne metod dopasowania powierzchni z wykorzystaniem cech wysokiego poziomu / _cLuong Chinh Ke. |
| 260 |
_aWarszawa : _bOficyna Wydawnicza PW, _c2005. |
||
| 300 |
_a59, [1] s. : _bwykr. ; _c24 cm. |
||
| 336 |
_2rdacontent _aTekst _btxt |
||
| 337 |
_2rdamedia _aBez urządenia pośredniczącego _bn |
||
| 338 |
_2rdacarrier _aWolumin _bnc |
||
| 380 | _aKsiążki | ||
| 380 | _aPublikacje naukowe | ||
| 388 | _a2001- | ||
| 490 | 1 |
_aPrace Naukowe / Politechnika Warszawska.Geodezja _x0137-2327 _vz. 40 |
|
| 500 | _aOpis wg okł. - W nagł. odmienny tyt. serii: Prace Naukowe Politechniki Warszawskiej. - Streszcz. ang. | ||
| 500 | _aPrace Naukowe Politechniki Warszawskiej. | ||
| 500 | _aNumeracja ser. gł. : z. 40. | ||
| 504 | _aBibliogr. | ||
| 650 | 7 | _aGeomatyka | |
| 650 | 9 | _aFotogrametria | |
| 650 | 9 | _aKartografia | |
| 658 | _aGeografia i nauki o Ziemi | ||
| 710 | 2 | _aOficyna Wydawnicza Politechniki Warszawskiej | |
| 830 | 0 |
_aPrace Naukowe - Politechnika Warszawska. _pGeodezja _vz. 40 |
|
| 856 |
_uhttp://koha.tu.koszalin.pl/cgi-bin/koha/opac-detail.pl?biblionumber=46373 _yKatalog online BPK |
||
| 942 |
_cKS _2UKD |
||
| 999 |
_c46373 _d46373 |
||